[Event "Accentus Young Masters 2019"]
[Site "Bad Ragaz"]
[Date "2019.03.02"]
[Round "4.5"]
[White "Petrov, Nikita"]
[Black "Stijve, Theo"]
[Result "1-0"]
[WhiteElo "2585"]
[BlackElo "2333"]
[Annotator "TA"]
[PlyCount "65"]
[EventDate "2019.02.27"]
[EventType "tourn"]
[EventCountry "SUI"]
[SourceTitle "playchess.com"]
[Source "ChessBase"]
[SourceQuality "1"]

{[%evp 18,65,33,33,44,48,44,40,31,24,60,47,80,82,84,64,118,136,154,123,143,91,152,162,137,136,256,261,256,258,247,260,292,309,345,297,320,312,320,301,365,348,459,448,844,857,990,973,858,833]} 1. e4 c5 2. Nf3 Nc6 3. Bb5 g6 4. Bxc6 bxc6 5. d4 cxd4 6. Qxd4 Nf6 7. e5 Nd5 8. O-O Bg7 {B27: Sicilian: 2 Nf3, unusual Black 2nd moves} 9. c4 Nc7 10. Qh4 {LiveBook: 5 Games} h6 {White is slightly better.} 11. Nc3 Ne6 12. Be3 Qc7 13. Qg3 $146 ({Predecessor:} 13. Qe4 O-O 14. c5 Rb8 15. b4 d6 16. cxd6 exd6 17. exd6 Qxd6 {0-1 (31) Pavlidis,A (2532)-Mamedov,R (2688) Tallinn 2016}) 13... Rb8 14. b3 O-O 15. Rad1 a5 16. Rd3 Kh7 ({Black should try} 16... d6 $14) 17. Qh4 $36 {[%mdl 2048] Keeping Black busy.} f6 18. exf6 exf6 19. Nd4 (19. Rfd1 $142) 19... d6 (19... Nxd4 $142 20. Qxd4 (20. Rxd4 g5 $16) (20. Bxd4 d5 $14) 20... g5) 20. Nxe6 Bxe6 21. Qg3 {Bf4 is the strong threat.} f5 (21... Bf5 $16 {was called for.} 22. Rxd6 (22. Qxd6 Qc8 $16) 22... Rfe8) 22. Bf4 $18 (22. Rxd6 Rfe8 $18) (22. Qxd6 Qxd6 23. Rxd6 Bxc4 $16) 22... Be5 23. Rxd6 Bxd6 24. Bxd6 f4 25. Qxf4 ({Resist} 25. Bxc7 $6 fxg3 26. Bxb8 (26. hxg3 Rb7 $14) (26. Bxg3 Ra8 $11) (26. fxg3 Rxf1+ 27. Kxf1 Ra8 $11) 26... gxf2+ 27. Rxf2 Rxb8 $18) 25... Qg7 26. Qg3 Rbe8 27. Bxf8 Rxf8 28. Re1 Qf7 29. h3 Rd8 30. Qe5 {White is clearly winning.} Rd2 (30... Bf5 $142 31. Qxa5 Rd7) 31. Ne4 Rxa2 32. Nf6+ Kg7 33. Ng4+ {Precision: White = 82%, Black = 26%.} 1-0

[Event "Accentus Young Masters 2019"]
[Site "Bad Ragaz"]
[Date "2019.03.03"]
[Round "5.1"]
[White "Stijve, Theo"]
[Black "Wagner, Dennis"]
[Result "0-1"]
[WhiteElo "2333"]
[BlackElo "2587"]
[Annotator "TA"]
[PlyCount "114"]
[EventDate "2019.02.27"]
[EventType "tourn"]
[EventCountry "SUI"]
[SourceTitle "playchess.com"]
[Source "ChessBase"]
[SourceQuality "1"]

{[%evp 14,114,0,-2,0,2,2,-10,0,0,0,0,0,0,0,-3,-1,-30,9,11,7,-16,-14,-16,0,0,0,0,0,0,0,-11,0,-12,-9,0,0,-38,-31,-65,-64,-137,-45,-65,-30,-61,-58,-110,-74,-129,-60,-115,-41,-46,0,0,0,-42,-43,-67,-72,-54,-71,-130,-147,-134,-134,-133,-113,-308,-308,-302,-308,-307,-294,-303,-320,-334,-312,-264,-196,-348,-305,-589,-578,-538,-550,-598,-587,-662,-633,-7606,-1806,-8656,-7642,-6733,-6363,-2383,-6701,-5832,-5695,-4710,-4189]} 1. e4 e5 2. Nf3 Nc6 3. Bb5 a6 4. Ba4 Nf6 5. d3 d6 6. c4 g6 7. Nc3 Bg7 8. Nd5 {LiveBook: 23 Games. C77: Ruy Lopez: 3...a6 4 Ba4 Nf6, unusual lines} O-O 9. Bg5 Nb8 10. d4 {The position is equal.} exd4 $146 ({Predecessor:} 10... c6 11. dxe5 dxe5 12. Nxf6+ Bxf6 13. Qxd8 Bxd8 14. Bxd8 Rxd8 15. Nxe5 Re8 {1-0 (63) Tiviakov,S (2583)-Ernst,S (2546) Amsterdam 2018}) 11. Qxd4 Nxd5 12. Qxd5 Bf6 13. O-O Bxg5 14. Nxg5 Nd7 15. Qd2 Qe7 16. Bxd7 Bxd7 17. Rae1 b5 18. b3 Rfe8 19. f4 bxc4 20. bxc4 f6 21. Qd5+ Kg7 22. f5 Rf8 23. h4 Rab8 24. Nf3 Qf7 25. Nd4 Rfe8 26. h5 gxh5 27. Rf3 ({White should try} 27. Rf4 $15) 27... Re7 (27... Re5 $1 $17 {[%cal Re5d5]} 28. Rg3+ Kf8 29. Qxf7+ Kxf7) 28. Ree3 Rbe8 {Threatens to win with ...Re5.} 29. Rf4 Re5 30. Qxf7+ (30. Rg3+ $1 $15 Kf8 31. Qxf7+ Kxf7 32. Rh4) 30... Kxf7 $17 31. Kf2 (31. a3 $142) 31... Ra5 (31... Rc5 $1 $17 32. Rh3 Rxc4 33. Rxh5 Rh8) 32. a3 $15 Ra4 (32... Rc5 $1 $17 33. Rc3 Bb5 $1 {[%mdl 512]}) 33. Rc3 $1 Rb8 34. Rh4 Rb2+ 35. Nc2 Be8 $36 {[%mdl 2048] Black has good play.} 36. Rxh5 Kg7 37. Rh1 Bf7 $1 38. Ke3 ({Better is} 38. Kf3) 38... Rxc4 $17 39. Rxc4 Bxc4 {[%mdl 4096] Endgame KRB-KRN} 40. Nd4 Ra2 (40... Rxg2 41. Rc1 $15) 41. Ne6+ $2 (41. Kf4 $17) 41... Bxe6 $1 $19 42. fxe6 Rxa3+ {KR-KR} 43. Kf4 {[#]} Ra5 $1 44. e7 Re5 45. Ra1 Kf7 ({Don't do} 45... Rxe7 46. Rxa6 Kf7 47. g4 $19) 46. Rxa6 h5 ({Don't play} 46... Rxe7 47. g3 $19) 47. Ra8 $2 (47. Ra7 {is the only way for White.}) 47... Kxe7 (47... Rxe7 $2 48. Rh8 $19) 48. Rh8 $2 (48. Ra7 {only move.} Kd7 49. Rb7) 48... c6 {[%cal Bc7c6,Bc6c5,Bc5c4,Bc4c3][%mdl 32] Black is clearly winning.} 49. Rh7+ Ke6 50. Rc7 c5 51. Rh7 c4 52. Ra7 c3 53. Ra2 Rc5 54. Rc2 h4 55. Ke3 Ke5 56. Kd3 Rc8 57. Ke3 Rg8 {Precision: White = 32%, Black = 66%.} 0-1

[Event "Accentus Young Masters 2019"]
[Site "Bad Ragaz"]
[Date "2019.03.03"]
[Round "5.2"]
[White "Horvath, Dominik"]
[Black "Petrov, Nikita"]
[Result "0-1"]
[WhiteElo "2419"]
[BlackElo "2585"]
[Annotator "TA"]
[PlyCount "102"]
[EventDate "2019.02.27"]
[EventType "tourn"]
[EventCountry "SUI"]
[SourceTitle "playchess.com"]
[Source "ChessBase"]
[SourceQuality "1"]

{[%evp 9,102,10,4,13,8,14,37,31,47,-25,0,-26,-27,-50,0,-29,-18,-9,0,-81,-77,-80,-78,-105,-54,-89,-87,-112,-94,-84,-56,-46,-50,-13,0,0,0,0,65,1,25,-56,-84,-104,-48,-154,-114,-83,-52,-63,75,81,77,81,93,83,117,97,96,29,93,101,94,0,0,-474,-474,-473,-469,-470,-460,-464,-459,-453,-436,-518,-507,-841,-832,-886,-854,-6654,-6311,-5293,-5288,-29972,-6665,-6346,-6346,-5635,-4134,-1676,-1650,-29974,-29976]} 1. Nf3 c5 2. c4 Nc6 3. b3 e5 4. Bb2 e4 5. Ng1 d5 $146 ({Predecessor:} 5... Nf6 6. Nc3 Be7 7. g3 O-O 8. Bg2 Re8 9. Nh3 d5 10. cxd5 Nxd5 11. Nxe4 Bf5 12. Nc3 {0-1 (31) Svidler,P (2759)-Vachier Lagrave,M (2798) Biel 2016}) 6. cxd5 $1 {A30: Symmetrical English: Double Fianchetto and Hedgehog} Qxd5 7. Nc3 Qe5 8. e3 {White is slightly better.} Nf6 9. f4 (9. Nge2 $14) 9... Qe7 $1 $11 10. Bc4 Be6 11. Nh3 O-O-O (11... Bxh3 $5 12. gxh3 O-O-O $11) 12. a3 Bxc4 13. bxc4 Na5 14. Nd5 (14. Nb5 $11) 14... Nxd5 $17 15. cxd5 Rxd5 16. Bc3 Nc6 (16... c4 $17 17. Qa4 Qd7 18. Qxd7+ Kxd7) 17. Qb3 Qd7 18. Nf2 f5 19. g4 Be7 20. gxf5 Bh4 (20... Rxf5 $6 21. Rg1 $14 (21. Bxg7 Re8 $15)) 21. Rg1 $1 {[%cal Rg1g7]} Nd4 ({Not} 21... Rxf5 $2 22. Rxg7 c4 23. Qb1 $18 (23. Qxc4 Qd5 $18)) 22. exd4 cxd4 {Hoping for ...Re8.} 23. Rg4 Bf6 (23... g5 $1 $11) 24. Bb2 ({Better is} 24. Bb4 $1 $14 Qxf5 25. a4) 24... Re8 25. Rc1+ (25. d3 $11 exd3+ 26. Kf1) 25... Kb8 $15 {White must now prevent ...e3.} 26. Qc4 a6 (26... Rd6 $17 {Threatens to win with ...Rc6.} 27. Nd1 e3) 27. d3 (27. Rg3 $15) 27... exd3+ 28. Kf1 d2 29. Rd1 Re1+ (29... h5 $15 {stays ahead.} 30. Rg2 Qxf5) 30. Rxe1 $16 dxe1=Q+ 31. Kxe1 Qxf5 {White should prevent ...d3.} 32. Qd3 Qe6+ 33. Qe4 Qc6 34. Kf1 (34. Qxh7 d3 $19) (34. Nd3 $16) 34... Qb5+ {[#]} (34... Rb5 $11 {keeps the balance.} 35. Qxc6 bxc6) 35. Nd3 $1 Rd8 {[#] aiming for ...Re8.} 36. a4 ({Much worse is} 36. Qxh7 $6 Qb3 $11) (36. Rg3 $1 $16) 36... Qxa4 $11 37. Qxb7+ $2 {[%mdl 8192]} (37. Qf3 $11) 37... Kxb7 $19 38. Nc5+ Kc6 {( -> ...Qd1+)} 39. Nxa4 Kb5 {[%mdl 64] Trapped Piece} 40. Rg3 Kxa4 {[%mdl 4096] Endgame KRB-KRB} 41. Ra3+ Kb5 42. Rb3+ Kc4 43. Ra3 (43. Rb6 $142 a5 44. Ke2) 43... d3 44. Bxf6 {[#]} d2 $1 {[%mdl 512]} 45. Bxd8 d1=Q+ {[%mdl 64] Double Attack} 46. Kg2 Qxd8 47. Rxa6 Kb5 (47... Kb3 $142 48. Ra7 g5 49. Rxh7 Qd2+ 50. Kh1 Qe1+ 51. Kg2 Qe4+ {[%mdl 64] Double Attack} 52. Kg1 Qxh7 53. fxg5 Qf5 54. g6 Qxg6+ 55. Kf2 Qe4 56. h3 Kc3 57. h4 Qxh4+ 58. Kg2 Kd3 59. Kg1 Qg5+ 60. Kh1 Ke3 61. Kh2 Kf2 62. Kh3 Qh5#) 48. Ra3 Qd2+ 49. Kg3 Qe1+ 50. Kg2 Qe2+ 51. Kg3 h5 {Accuracy: White = 31%, Black = 41%.} 0-1

[Event "Accentus Young Masters 2019"]
[Site "Bad Ragaz"]
[Date "2019.03.03"]
[Round "5.3"]
[White "Engel, Luis"]
[Black "Albornoz Cabrera, Carlos Daniel"]
[Result "1/2-1/2"]
[WhiteElo "2469"]
[BlackElo "2577"]
[Annotator "TA"]
[PlyCount "135"]
[EventDate "2019.02.27"]
[EventType "tourn"]
[EventCountry "SUI"]
[SourceTitle "playchess.com"]
[Source "ChessBase"]
[SourceQuality "1"]

{[%evp 14,135,27,20,34,27,50,47,56,29,33,33,37,0,3,0,-8,-31,-41,-56,-7,-17,-10,0,0,0,0,0,0,0,0,0,0,-132,-91,-89,-94,-177,-149,-124,0,-202,-208,-201,-192,-222,-199,-280,0,0,161,161,161,161,152,125,113,0,0,0,0,0,0,0,0,0,0,0,0,0,0,0,0,0,0,0,0,0,0,0,0,0,0,0,0,0,0,0,0,0,0,0,0,0,0,0,0,0,0,0,0,0,0,0,0,0,0,0,0,0,0,0,0,0,0,0,0,0,0,0,0,0,0,0]} 1. e4 c5 2. Nf3 Nc6 3. Bb5 d6 4. O-O Bd7 5. Re1 Nf6 6. c3 a6 7. Bf1 Bg4 8. d4 Bxf3 {B51: Sicilian: Moscow Variation (3 Bb5+) without 3...Bd7} 9. gxf3 g5 (9... cxd4 10. cxd4 e5 11. d5 Nd4 12. Be3 Be7 13. Nd2 O-O 14. f4 Nd7 15. Bxd4 exd4 16. Nf3 {½-½ (141) Abdusattorov,N (2546)-Matlakov,M (2700) St Petersburg 2018}) 10. Be3 Rg8 {White is slightly better.} 11. Nd2 cxd4 12. cxd4 d5 $1 13. e5 $146 ({Predecessor:} 13. Qc2 Rg7 14. b4 e6 15. b5 axb5 16. Bxb5 {1-0 (40) Wharrier,J (2360)-Dabija,M (2374) ICCF email 2015}) 13... Nh5 14. Qc2 Rg7 15. Nb3 {Strongly threatening Nc5.} e6 16. Kh1 Nf4 17. a3 Ng6 18. Bh3 h5 19. Rg1 Nh4 20. Rg3 f5 21. Rag1 {[%cal Re3g5]} g4 $1 22. fxg4 hxg4 23. Nd2 (23. Bh6 $11 Rf7 24. Bxf8 Rxf8 25. Bg2) 23... Rc7 24. Qd1 Rf7 $36 {[%mdl 2048] Black is on the roll.} ({Weaker is} 24... gxh3 25. Qh5+ (25. Bg5 Qd7 $16) 25... Kd7 26. Bg5 $16) 25. Bf4 (25. f4 $17 {was worth a try.}) 25... Ng6 ({Not} 25... gxh3 26. Rxh3 Rh7 27. Bg5 $11) 26. Be3 Nh4 ({Black should try} 26... Nge7 $17 27. Bf1 f4 {[%mdl 64] Double Attack} 28. Rxg4 fxe3 29. fxe3 Qd7) 27. Rxg4 $2 (27. Bf4 $1 $11) 27... fxg4 $19 28. Qxg4 Nf5 29. Qg6 Ncxd4 30. Nb3 (30. Bxd4 $142 Nxd4 31. Rg4) 30... Nxb3 $2 (30... Ne7 $19 31. Qh5 Ndf5) 31. Bxf5 $1 $11 exf5 $2 {[#]} (31... d4 $11 {and Black has nothing to worry.} 32. Bxe6 {[%mdl 64] Double Attack} Qc7 33. Bxb3 dxe3) 32. Bg5 $1 $18 {[%cal Rg5d8]} Qc7 33. e6 {[%mdl 1024] White has strong compensation.} Nc5 34. Rc1 {Black must now prevent b4.} d4 {[#]} 35. f3 (35. Re1 $1 $16 Ne4 36. f3) 35... d3 $11 {...d2! is the strong threat.The position is equal.} 36. Re1 Nxe6 37. Rxe6+ {[#]} Be7 $1 38. Bxe7 {White wants to mate with Bd6+.} (38. Rxe7+ Qxe7) 38... Qxe7 39. Rxe7+ Kxe7 {[%mdl 4096] Endgame KQ-KRR} 40. Qg5+ Kd7 {Threatens to win with ...Rd8.} 41. Qe3 Raf8 42. Qxd3+ Kc7 43. b4 Rd7 44. Qc3+ Kb8 45. Kg2 Rg8+ 46. Kf2 Rh7 47. Qe5+ Ka8 48. Ke3 Rgh8 49. b5 f4+ 50. Qxf4 axb5 51. Qb4 Re8+ 52. Kf2 Rxh2+ 53. Kg3 Ra2 54. Qb3 Ra1 55. f4 Rc8 56. Qb2 Rg1+ 57. Kf2 Rgc1 58. Qxb5 R1c2+ 59. Kf3 R2c3+ 60. Kg4 Rg8+ 61. Kf5 {aiming for Qa5+.} Rxa3 62. Ke4 Ra6 63. f5 Rf8 64. Qc5 Re8+ 65. Kf4 Rc6 66. Qd5 Rec8 67. Qa5+ Ra6 68. Qd5 {Accuracy: White = 60%, Black = 77%.} 1/2-1/2

[Event "Accentus Young Masters 2019"]
[Site "Bad Ragaz"]
[Date "2019.03.03"]
[Round "5.4"]
[White "Kurmann, Oliver"]
[Black "Colmenares, Aurelio"]
[Result "1/2-1/2"]
[WhiteElo "2454"]
[BlackElo "2335"]
[Annotator "TA"]
[PlyCount "54"]
[EventDate "2019.02.27"]
[EventType "tourn"]
[EventCountry "SUI"]
[SourceTitle "playchess.com"]
[Source "ChessBase"]
[SourceQuality "1"]

{[%evp 16,54,18,16,25,20,26,22,33,34,41,49,42,43,48,52,84,54,69,36,48,51,50,53,41,41,60,0,0,0,0,-8,0,-16,0,0,0,-10,0,0,0]} 1. e4 c5 2. Nf3 Nc6 3. Bb5 g6 4. Bxc6 dxc6 5. d3 Bg7 6. h3 Nf6 7. Nc3 Nd7 8. Be3 e5 9. Qd2 h6 {B31: Sicilian: 2...Nc6 3 Bb5 g6} 10. a3 (10. O-O b6 11. a3 Nf8 12. b4 Ne6 13. bxc5 f5 14. exf5 gxf5 15. Qe1 O-O 16. Rb1 e4 17. dxe4 {0-1 (36) Wang,H (2730)-Carlsen,M (2835) St Petersburg 2018}) 10... Qe7 11. O-O a5 12. Nh2 a4 13. f4 exf4 14. Bxf4 g5 $146 ({Predecessor:} 14... Nf8 15. e5 Ne6 16. Ne4 Nxf4 17. Nd6+ {0-1 (37) Navara,D (2708)-Jirovsky,M (2480) Brno 2013}) 15. Bg3 Ne5 16. Rae1 O-O 17. Nf3 f6 18. Nxe5 fxe5 19. Rxf8+ Qxf8 20. Nd1 Be6 21. Qc3 (21. Ne3 $14) 21... Qd6 $1 $11 {The position is equal.} 22. Bf2 Bf8 $1 23. Kh2 b5 24. Bg3 Bg7 25. Bf2 Bf8 26. Bg3 Bg7 27. Bf2 Bf8 {Accuracy: White = 63%, Black = 57%.} 1/2-1/2

[Event "Accentus Young Masters 2019"]
[Site "Bad Ragaz"]
[Date "2019.03.03"]
[Round "5.5"]
[White "Yankelevich, Lev"]
[Black "Studer, Noel"]
[Result "0-1"]
[WhiteElo "2445"]
[BlackElo "2494"]
[Annotator "TA"]
[PlyCount "101"]
[EventDate "2019.02.27"]
[EventType "tourn"]
[EventCountry "SUI"]
[SourceTitle "playchess.com"]
[Source "ChessBase"]
[SourceQuality "1"]

{[%evp 21,101,23,45,49,70,51,55,0,0,6,14,0,36,0,0,0,0,0,0,0,0,0,0,0,0,0,0,-7,34,33,58,56,58,17,26,0,2,0,0,0,0,0,22,-45,0,-28,-28,-28,-28,-28,-28,-27,-31,-69,-69,-69,-69,-69,-69,-69,-68,-68,-69,-69,-58,-79,-79,-79,-73,-76,-75,-166,-175,-297,-243,-1113,-1053,-1738,-1489,-1433,-1376,-5110]} 1. Nf3 {Rogozenco,D} d5 2. d4 e6 3. c4 dxc4 4. e3 Nf6 5. Bxc4 a6 6. O-O c5 7. dxc5 Bxc5 8. Qxd8+ Kxd8 9. Be2 Ke7 10. Nbd2 Bd7 {D27: Queen's Gambit Accepted: Classical main line: 7 e4!? and 7 a4} 11. Nb3 Bd6 {LiveBook: 3 Games} 12. Na5 Ra7 {White is slightly better.} 13. Nc4 Bb5 {[#]} 14. Nd4 $146 ({Predecessor:} 14. b3 Rd8 15. Bb2 Bxc4 16. Bxc4 Nc6 17. Rfd1 Raa8 18. h3 {1-0 (31) Carlsen,M (2815)-Nisipeanu,L (2659) Medias 2011 CBM 143 [Rogozenco,D]}) 14... Bxc4 15. Bxc4 Rc8 16. Bd3 b6 17. Bd2 Rd7 18. Rfc1 Rxc1+ 19. Rxc1 Bc5 20. Bc3 Nd5 21. Bd2 $36 {[%mdl 2048] White is pushing.} ({Don't play} 21. Bxh7 g6 $17) 21... Nf6 22. Bc3 Nd5 23. Bd2 ({Much worse is} 23. Bxh7 g6 $17) 23... g6 24. Be2 e5 25. Nb3 Bb4 26. Rc8 Bd6 27. e4 Nf4 28. Bg4 Rd8 29. Be3 Rxc8 30. Bxc8 Kd8 31. Bg4 Kc7 32. Nd2 ({White should play} 32. Nc1 $11) 32... b5 33. Nb1 Nd3 34. b3 $1 Bc5 35. Be2 Bxe3 36. Bxd3 $11 {[%mdl 4096] Endgame KBN-KBN} Bd4 37. a4 bxa4 $1 38. bxa4 Kb6 39. Bc4 f6 40. Bg8 h6 $1 41. Bf7 Nd7 42. Nd2 Ka5 43. Kf1 Kb4 44. Ke2 a5 45. Bxg6 Nc5 46. Nf3 (46. f3 $17) 46... Nxa4 $19 47. Nxd4 (47. Nh4 $142) 47... exd4 {[%cal Be5d4,Bd4d3][%mdl 32]} 48. Kd3 $2 {[#]} (48. Kd2) 48... Nc5+ {Black is clearly winning.} 49. Kc2 d3+ 50. Kd2 a4 51. h3 {Precision: White = 49%, Black = 72%.} 0-1

[Event "Accentus Young Masters 2019"]
[Site "Bad Ragaz"]
[Date "2019.03.04"]
[Round "6.1"]
[White "Wagner, Dennis"]
[Black "Studer, Noel"]
[Result "1/2-1/2"]
[WhiteElo "2587"]
[BlackElo "2494"]
[Annotator "TA"]
[PlyCount "111"]
[EventDate "2019.02.27"]
[EventType "tourn"]
[EventCountry "SUI"]
[SourceTitle "playchess.com"]
[Source "ChessBase"]
[SourceQuality "1"]

{[%evp 18,111,0,0,0,0,17,0,0,0,9,0,19,23,25,25,96,64,81,44,60,35,26,36,37,25,159,134,138,37,37,37,45,48,133,104,180,178,150,37,38,20,20,22,150,0,177,150,134,102,177,158,165,156,129,14,9,33,248,0,1,20,45,0,0,0,113,125,197,79,70,75,78,86,76,77,79,80,74,72,86,0,46,0,0,0,0,0,0,0,0,0,0,0,0,0]} 1. Nf3 d5 2. e3 Nf6 3. c4 e6 4. Nc3 a6 5. b3 Bd6 6. Bb2 {A17: English Opening: 1...Nf6 with ...Bb4} b6 7. cxd5 exd5 8. g3 $146 ({Predecessor:} 8. d4 O-O 9. g3 Ne4 10. Nxe4 dxe4 11. Nd2 Bb7 12. Bg2 f5 13. O-O {½-½ (41) Nakamura,H (2746)-Vidit,S (2702) Kolkata 2018}) 8... Bb7 9. d4 Nbd7 10. Bg2 {LiveBook: 3 Games} O-O 11. O-O Re8 12. Re1 Ne4 13. Re2 f5 14. Rc1 Qf6 15. Rec2 Rad8 16. Ne2 Qh6 (16... c6 $11) 17. Nf4 Ndf6 18. Ne5 c5 (18... Bxe5 $2 19. dxe5 Ng4 20. h3 $18) 19. f3 {Threatens to win with Qd3.} Ng5 $1 20. Qd3 $36 {[%mdl 2048] White is pushing.} g6 21. a4 {[%cal Ba2a4,Ba4a5][%mdl 32]} Ne6 (21... Qf8 $11) 22. a5 $16 cxd4 23. Nxe6 (23. Nc6 $1 $16 {And now Nxe6 would win.} Bxc6 24. Rxc6) 23... Rxe6 $14 24. exd4 bxa5 25. Bc3 f4 (25... Bb4 $14) 26. Bxa5 Rf8 (26... Rde8 $16 {was called for.}) 27. Bd2 $18 g5 {[#]} 28. gxf4 (28. Rc7 $1 $16 {[%cal Rc7b7][%mdl 512]} Bxc7 29. Rxc7) 28... gxf4 $14 29. Rc7 (29. Qf5 Nd7 $17) 29... Bxc7 30. Rxc7 Bc8 (30... Rb6 $11 {keeps the balance.}) 31. Bb4 (31. Qc2 $1 $16 Ree8 32. Bb4) 31... Ree8 $2 (31... Rfe8 $1 $11 {and Black is okay.}) 32. Qc2 Be6 33. Qc6 Qh4 (33... a5 $16 34. Bxf8 (34. Bxa5 Kh8 $15) 34... Qxf8) 34. Bxf8 $18 Qe1+ 35. Bf1 Kxf8 36. Rc8 ({Resist} 36. Qxa6 Qe3+ 37. Kh1 Qxd4 $14) (36. Qd6+ $16 Kg8 37. Re7 (37. Qxa6 Qe3+ 38. Kh1 Qxd4 $11)) 36... Qe3+ $11 37. Kh1 {Intending Qxe6 and mate.} Qf2 $2 ({Better is} 37... Qe1 $14 38. Qc1 Qxc1 39. Rxc1 Rb8) 38. Rxe8+ $2 ({Worse is} 38. Bxa6 Qe1+ 39. Kg2 Qd2+ 40. Kh1 Qe1+ 41. Kg2 Qd2+ 42. Kh1 Qe1+ $11) (38. Qd6+ $1 $18 Kg7 39. Rc1) 38... Nxe8 {[%cal Rf2f1]} 39. Qxa6 Kg7 40. Bd3 Qe1+ 41. Kg2 Nc7 {[#]} (41... Qd2+ $11 {remains equal.} 42. Be2 Nd6) 42. Qa2 $1 $16 {[%cal Ra2c2]} Qh4 {[#]} (42... Qc3 $16) 43. Qa5 (43. Kf1 $1 $18 {is more deadly.}) 43... Bh3+ 44. Kh1 Ne6 45. Qa7+ Kg8 46. Qf7+ Kh8 47. Qe8+ Kg7 48. Qd7+ Kg8 49. Qf7+ Kh8 {( -> ...Qe1+)} 50. Bf1 {Strongly threatening Nc6.} (50. Qg6 $5 {[%cal Re5f7]} Qe1+ 51. Qg1 Qxg1+ 52. Kxg1 $14) 50... Qe1 {[%cal Re1f1] The position is equal.} 51. Qe8+ Kg7 {[%cal Re1f1]} 52. Qe7+ Kg8 {[%cal Re1f1]} 53. Qe8+ Kg7 {[%cal Re1f1]} 54. Qe7+ Kg8 {[%cal Re1f1]} 55. Qf7+ Kh8 {[%cal Re1f1]} 56. Qf6+ {Precision: White = 49%, Black = 39%.} 1/2-1/2

[Event "Accentus Young Masters 2019"]
[Site "Bad Ragaz"]
[Date "2019.03.04"]
[Round "6.2"]
[White "Colmenares, Aurelio"]
[Black "Yankelevich, Lev"]
[Result "0-1"]
[WhiteElo "2335"]
[BlackElo "2445"]
[Annotator "TA"]
[PlyCount "53"]
[EventDate "2019.02.27"]
[EventType "tourn"]
[EventCountry "SUI"]
[SourceTitle "playchess.com"]
[Source "ChessBase"]
[SourceQuality "1"]

{[%evp 10,53,33,27,26,0,-8,-21,12,-59,-38,-129,-133,-140,-48,-169,-198,-194,-168,-143,-136,-149,-158,-375,-371,-352,-361,-366,-383,-366,-162,-170,-155,-362,-366,-350,-353,-343,-349,-652,-661,-804,-801,-738,-503,-402]} 1. e4 e5 2. Bc4 Nf6 3. d3 Nc6 4. Nf3 h6 5. O-O d6 6. c3 g5 {C55: Two Knights: 4 d3, 4 d4 exd4 5 e5 and Max Lange Attack} 7. d4 (7. Nbd2 Bg7 8. Bb3 O-O 9. Nc4 d5 10. Ncxe5 dxe4 11. dxe4 Nxe5 12. Nxe5 Qxd1 13. Rxd1 Nxe4 14. Nd3 {½-½ (34) Giri,A (2783)-Matlakov,M (2700) St Petersburg 2018}) 7... g4 8. Nfd2 Bg7 {The position is equal.} 9. f4 (9. d5 $11 Ne7 10. Bd3) 9... exd4 $15 10. e5 $146 (10. cxd4 $15 d5 11. exd5 Nxd5 12. Re1+ Kf8 13. Nb3) ({Predecessor:} 10. cxd4 Nxe4 11. Nxe4 d5 12. f5 dxe4 13. d5 Ne5 14. Nc3 {1-0 (34) Bologan,V (2610)-Sutovsky,E (2647) Poikovsky 2018}) 10... dxe5 $17 11. fxe5 Nd5 (11... Nxe5 $17 {Threatens to win with ...0-0.} 12. Qe2 Qd6 13. Bb5+ Kf8) 12. Qb3 ({Better is} 12. Nb3 $1 $15) 12... Be6 $19 13. Qxb7 Nxe5 {And now ...0-0 would win.} 14. Bb5+ Kf8 {aiming for ...Ne3.} 15. cxd4 {[#]} Rb8 $1 {[%cal Rb8b7]} 16. Qa6 $2 (16. Qxa7 $17 Ng6 17. Bc4) 16... Nb4 $1 {[%csl LRa6,LRd4]} 17. Qa4 Qxd4+ 18. Kh1 Ned3 19. Nc3 a6 (19... Nf2+ $142 20. Rxf2 Qxf2 21. Qxb4+ Kg8) 20. Bxd3 Nxd3 21. Qa3+ $2 {[#]} (21. Nde4 $17) 21... Kg8 22. Nde4 f5 23. Qe7 Rb6 24. Be3 $2 (24. Bd2) 24... Qxe3 {Black is clearly winning.} 25. Rxf5 Bxf5 26. Nf6+ Bxf6 27. Qxe3 {Accuracy: White = 12%, Black = 58%.} 0-1